Statistics for Movie Character to Actor #4

Click here to take the quiz!

General Stats

  • This quiz has been taken 15,536 times
  • The average score is 11 of 24

Answer Stats

CharacterActor% Correct
Lara CroftAngelina Jolie
93%
MaverickTom Cruise
85%
Patch AdamsRobin Williams
62%
Oskar SchindlerLiam Neeson
60%
Pepper PottsGwyneth Paltrow 
58%
Ellen RipleySigourney Weaver
53%
Gordon GekkoMichael Douglas
52%
Mace WinduSamuel L. Jackson
51%
Mark ZuckerbergJesse Eisenberg
49%
Annie HallDiane Keaton
44%
Juno MacGuffEllen Page
43%
Judah Ben-HurCharlton Heston
43%
Elle WoodsReese Witherspoon
42%
Green Goblin / New GoblinWillem Dafoe
40%
Holly GolightlyAudrey Hepburn
37%
CommodusJoaquin Phoenix
37%
Green Goblin / New GoblinJames Franco
35%
Lex LuthorGene Hackman
35%
Frances "Baby" HousemanJennifer Grey
35%
Beatrix KiddoUma Thurman
29%
Lex LuthorKevin Spacey
28%
Stanley KowalskiMarlon Brando
26%
Detective John KimbleArnold Schwarzenegger
19%
Ennis Del MarHeath Ledger
14%

Score Distribution

Percentile by Number Answered

Percent of People with Each Score

Your Score History

You have not taken this quiz